| 000 | 00935nam a2200241Ia 4500 | ||
|---|---|---|---|
| 001 | 9127 | ||
| 003 | GE_BSU | ||
| 008 | 181216s||||||||xx |||||||||||||| ||und|| | ||
| 040 | _cGE_BSU | ||
| 080 | _a821.353.1–1+821.353.1-11 | ||
| 100 | _aკუხიანიძე,ზურაბ | ||
| 245 | _aკვლავ ოთხი წელი: ახალი ლექსების წიგნი | ||
| 245 | _bლექსები,პოემა | ||
| 245 | _cრედ.ნ.ნაჭყებია.მხატვ.ო.ქანდარია | ||
| 250 | _a1-ლი გამოც. | ||
| 260 | _aთბილისი | ||
| 260 | _bსაბჭოთა საქართველო | ||
| 260 | _c1984 | ||
| 300 | _a185გვ.17სმ. | ||
| 653 | _aკვლავ ოთხი წელი: ახალი ლექსების წიგნი | ||
| 653 | _aლექსები,პოემა | ||
| 942 | _cBK | ||
| 999 |
_c42431 _d42431 |
||